Syntéza neuroprotektívnych a cytotoxických derivátov indolylmaleimidu (IM)
Uložené v:
| Hlavný autor: | |
|---|---|
| Ďalší autori: | |
| Médium: | Rukopis Kniha |
| Jazyk: | Slovak |
| Vydavateľské údaje: |
2015
|
| Predmet: | |
| On-line prístup: | http://is.stuba.sk/zp/portal_zp.pl?podrobnosti=113146 |
| Tagy: |
Žiadne tagy, Buďte prvý, kto otaguje tento záznam!
|
MARC
| LEADER | 00000ntm a22000003a 4500 | ||
|---|---|---|---|
| 001 | stuzp53068 | ||
| 003 | SK-STU | ||
| 005 | 20160719154353.2 | ||
| 007 | ta | ||
| 008 | 150427s2015----xo-----f-mn---000-0-slo-d | ||
| 040 | |a STU |b slo | ||
| 041 | 0 | |a slo | |
| 100 | 1 | |a Ferko, Branislav |u 048140 |4 aut |U FCHPT Ústav organickej chémie, katalýzy a petrochémie |T FCHPT Oddelenie organickej chémie |X 43370 |U C8140 |Y 124 |7 43370 | |
| 242 | 0 | 1 | |a Synthesis of Neuroprotective and Cytotoxic Derivatives of Indolylmaleimides |y eng |
| 245 | 1 | 0 | |a Syntéza neuroprotektívnych a cytotoxických derivátov indolylmaleimidu (IM) |
| 260 | |c 2015 | ||
| 650 | 4 | |a cyklizácia |2 slo | |
| 650 | 4 | |a indolylmaleimid |2 slo | |
| 650 | 4 | |a indolylglycín |2 slo | |
| 650 | 4 | |a indolylmaleimide |2 eng | |
| 650 | 4 | |a cyclization |2 eng | |
| 650 | 4 | |a indolylglycine |2 eng | |
| 700 | 1 | |a Berkeš, Dušan, |d 1957- |4 ths |X 3351 |7 A000003351 | |
| 856 | 4 | |u http://is.stuba.sk/zp/portal_zp.pl?podrobnosti=113146 | |
| SQL | |a stuzp53068 |b DDP |c SLO |d Syntéza neuroprotektívnych a cytotoxických derivátov indolylmaleimidu (IM) |e 43370 |f Ferko, Branislav |g 048140 |h 3351 |i Berkeš, Dušan |j 20150608 |k 127 |l 04 |m http://is.stuba.sk/zp/portal_zp.pl?podrobnosti=113146 |n I-oTCHEM |o 4.1.14. chémia, 5.2.18. chemické technológie | ||